000
00270nam a2200109Ia 4500
008
190907s9999||||xx |||||||||||||| ||und||
100
_a
Craig Glenday
245
0
_a
Guinness World Records 2011
260
_a
Karachi
_b
SMIU University
_c
2003
300
_a
2011
942
_c
BK
999
_c
6500
_d
6500